000 01155nam a2200241Ia 4500
001 10466
003 GE_BSU
008 181216s||||||||xx |||||||||||||| ||und||
020 _a9789992895269
040 _cGE_BSU
080 _a821.353.1–3+821.353.1-311.6+821.353.1-94
100 _aგოთუა,ლევან
245 _aქართული პროზა წ.27.შალვა რადიანი:უბედური რუსი;რაც გამახსენდა
245 _cსარედ.კოლ.რ.თვარაძე და სხვ.შემდგ.რედ.ჯ.ღვინჯილია.ვ.ჯავახაძე.რედ.ზაურ კილაძეე.მხატვ.დავით დუნდუა. თ. შარიფაშვილი
260 _aთბილისი
260 _bსაქართველო
260 _c1996
300 _a584გვ.20სმ.
541 _h7ლ.
653 _aქართული პროზა
653 _aშალვა რადიანი:უბედური რუსი;რაც გამახსენდა
942 _cBK
999 _c43725
_d43725